000 00772nam a2200229Ii 4500
003 JO-AjNU
008 230605s9999||||xx |||||||||||||| ||und||
017 _a2012/7/2518
020 _a978-9957-70-629-6
040 _aJO-AjNU
_bara
_erda
_cJO-AjNU
041 _aara
050 1 4 _aPJ7542 2013
100 3 _aبن خوية، رابح,
_eauthor
_943309
245 0 0 _aجماليات القصيدة الإسلامية المعاصرة: الصورة - الرمز - التناقض
250 _aط1
264 3 1 _aإربد: عالم الكتب الحديث، 2013
300 _a352ص
336 _atext
_btxt
_2rdacontent
337 _aunmediated
_bn
_2rdamedia
338 _avolume
_bnc
_2rdacarrier
650 4 _aالشعر العربي - قصائد إسلامية
_943310
999 _aA18610
_c22178
_d22178